Postcards from Beazley and other electric dreams : notes from the 15th International Congress of Classical Archaeology /
Classical archaeologists gathered in Amsterdam at their quinquennial congress this summer. Some of the key papers contributed to the on-going theoretical and methodological debate between traditionalists and relativists, while other speakers presented new computer techniques and interesting findings...
| Main Author: | |
|---|---|
| Format: | Analitica de revista |
| Language: | English |
| Subjects: |
MARC
| LEADER | 00000cab a2200000 a 4500 | ||
|---|---|---|---|
| 001 | 025492 | ||
| 003 | UAHC_CL | ||
| 005 | 20180807114934.0 | ||
| 008 | 050614b xx j 000 1 eng | ||
| 952 | |0 0 |1 0 |4 0 |6 ANTIQUITY_278_98_000000000000000 |7 0 |8 General |9 51655 |a BC |b BC |c General |d 2017-08-03 |l 0 |o ANTIQUITY-278/98 |p FICTICIO459 |r 2019-01-08 00:00:00 |t 1 |w 2017-08-03 |y REVA | ||
| 999 | |c 25492 |d 25492 | ||
| 040 | |a UAHC_CL |c UAHC_CL |d UAHC_CL | ||
| 100 | 1 | |a Rajala, Ulla | |
| 245 | 1 | 0 | |a Postcards from Beazley and other electric dreams : |b notes from the 15th International Congress of Classical Archaeology / |c Ulla Rajala. |
| 500 | |a Antiquity 72 (1998): 753Ð755 | ||
| 520 | |a Classical archaeologists gathered in Amsterdam at their quinquennial congress this summer. Some of the key papers contributed to the on-going theoretical and methodological debate between traditionalists and relativists, while other speakers presented new computer techniques and interesting findings. | ||
| 653 | |a ANTROPOLOGIA | ||
| 773 | 0 | |t Anthropology Today. |w 025359 | |
| 900 | |a ANTIQUITY-278/98 | ||
| 942 | |c REVA |2 ddc | ||